Countries that Consume the Most Marijuana Illegally - Statistics

General Stats
  • This quiz has been taken 713 times
  • The average score is 5 of 10
Answer Stats
% of population Country % Correct
14.8% United States
92%
12.2% Canada
81%
10.3% Australia
62%
10.6% Spain
62%
14.6% Italy
60%
14.6% New Zealand
47%
9.86% Jamaica
43%
18.3% Iceland
18%
14.3% Nigeria
16%
14.8% Zambia
1%
No matching quizzes found
Score Distribution
Percent of People with Each Score
Percentile by Number Answered
Your Score History
You have not taken this quiz